| 000 | 004400000a22001690004500 | ||
|---|---|---|---|
| 041 | 0 | _aSPA | |
| 082 | 0 | 4 | _aG 268.4 S6421m |
| 100 | 1 | _aSmith, W. R. | |
| 245 | 1 | 0 | _aMujer y maestra / W. R. Smith ; J. W. Treat, Traductor |
| 260 | _aBuenos Aires, Argentina : La Aurora | ||
| 300 | _a68 Pag | ||
| 001 | 7978 | ||
| 942 | _cBK | ||
| 999 |
_c38177 _d38177 |
||
| 336 |
_atexto _btxt _2rdacontent |
||
| 337 |
_2rdamedia _asin mediación _bn |
||
| 338 |
_2rdacarrier _avolumen _bnc |
||